OBOB Authors Quiz!!! 2021-2022 Middle School Division - Statistics

General Stats
  • This quiz has been taken 9 times
  • The average score is 7 of 16
Answer Stats
Hint Answer % Correct
It’s Trevor Noah: Born A Crime Trevor Noah
83%
Deep Water Watt Key
83%
Archimancy J.A White
67%
Arlo Finch And The Valley Of Fire John August
50%
A Good Kind Of Trouble Lisa Moore Ramée
50%
The Best At It Maulik Pancholy
50%
To Night Owl From Dogfish Meg Wolitzer & Holly Goldberg Sloan
50%
Almost American Girl Robin Ha
50%
Genesis Begins Again Alicia D. Williams
33%
The Remarkable Journey Of Coyote Sunrise Dan Gemeinhart
33%
The Storm Runner J.C Cervantes
33%
Nowhere Boy Kathrine Marsh
33%
Akata Witch Nnedi Okorafor
33%
When Stars Are Scattered Victoria Jamieson & Omar Mohamed
33%
Steelheart Brandon Sanderson
17%
My Year In The Middle Lila Quintero Weaver
17%
No matching quizzes found
Score Distribution
Percent of People with Each Score
Percentile by Number Answered
Your Score History
You have not taken this quiz